Μουσουλμανικές Χώρες - Ξαφνικός Θάνατος - Statistics

General Stats
  • This quiz has been taken 136 times
  • The average score is 10 of 21
Answers on the Grid
Answers color-coded by a green-red scale on the quiz's grid according to % correct below.
Αζερμπαϊτζάν
Αίγυπτος
Αιθιοπία
Αρμενία
Αφγανιστάν
Γαλλία
Γεωργία
Ιράκ
Ιράν
Ισραήλ
Καζακστάν
Κατάρ
Κόσοβο
Κούβα
Κουβέιτ
Κροατία
Λ.Δ. Κονγκό
Λίβανος
Μάλι
Μαρόκο
Μπανγκλαντές
Μπρουνέι
Νεπάλ
Νότιο Σουδάν
Πακιστάν
Σενεγάλη
Σομαλία
Σουδάν
Συρία
Τανζανία
Τουρκία
Τυνησία
 
Answer Stats
Answer % Correct
Ιράν
79%
Αφγανιστάν
77%
Αζερμπαϊτζάν
68%
Αίγυπτος
68%
Πακιστάν
65%
Ιράκ
63%
Τουρκία
61%
Κατάρ
56%
Κουβέιτ
53%
Μπανγκλαντές
47%
Μαρόκο
46%
Συρία
44%
Σουδάν
33%
Τυνησία
33%
Κόσοβο
32%
Μπρουνέι
32%
Λίβανος
30%
Σομαλία
30%
Καζακστάν
23%
Μάλι
14%
Σενεγάλη
14%
No matching quizzes found
Score Distribution
Percent of People with Each Score
Percentile by Number Answered
Your Score History
You have not taken this quiz